Normal view
MARC view
- Asfia Obaid.
Entry Personal Name
001 - CONTROL NUMBER
- control field: 18813
003 - CONTROL NUMBER IDENTIFIER
- control field: NUST
005 - DATE AND TIME OF LATEST TRANSACTION
- control field: 20190729071606.0
008 - FIXED-LENGTH DATA ELEMENTS
- fixed length control field: 190729|| aca||aabn | a|a d
040 ## - CATALOGING SOURCE
- Original cataloging agency: NUST
- Transcribing agency: NUST
100 ## - HEADING--PERSONAL NAME
- Personal name: Asfia Obaid.
670 ## - SOURCE DATA FOUND
- Source citation: Work cat.: (NUST): Farrukh, Shehab Niazi 18812, COMPARISON BETWEEN THE PAY STRUCTURES OF PUBLIC HEALTH SECTOR IN PAKISTAN AND UK /, 2013.
